Pháp luật về Nhà nước cho doanh nghiệp thuê đất - thực trạng và hướng hoàn thiện : Luận văn thạc sỹ Luật học chuyên ngành: Luật kinh tế

Mục tiêu nghiên cứu của luận văn là đưa ra các giải pháp góp phần hoàn thiện pháp luật về việc Nhà nước cho doanh nghiệp thuê đất và nâng cao hiệu quả thi hành lĩnh vực pháp luật này ở Việt Nam thông qua việc nghiên cứu những vấn đề ly...

Full description

Saved in:
Bibliographic Details
Main Author: Đặng, Ngọc Thanh Hà
Format: Book
Language:Undetermined
Published: Cần Thơ Trường đại học Cần Thơ 2018
Subjects:
Tags: Add Tag
No Tags, Be the first to tag this record!
Institutions: Trung tâm Học liệu Trường Đại học Cần Thơ
LEADER 01434nam a2200241Ia 4500
001 CTU_228328
008 210402s9999 xx 000 0 und d
082 |a 346.597043 
082 |b H100 
088 |a 60380107 
100 |a Đặng, Ngọc Thanh Hà 
245 0 |a Pháp luật về Nhà nước cho doanh nghiệp thuê đất - thực trạng và hướng hoàn thiện : 
245 0 |b Luận văn thạc sỹ Luật học chuyên ngành: Luật kinh tế 
245 0 |c Đặng Ngọc Thanh Hà ; Nguyễn Hạnh, Nguyễn Lan Hương (hướng dẫn khoa học) 
260 |a Cần Thơ 
260 |b Trường đại học Cần Thơ 
260 |c 2018 
520 |a Mục tiêu nghiên cứu của luận văn là đưa ra các giải pháp góp phần hoàn thiện pháp luật về việc Nhà nước cho doanh nghiệp thuê đất và nâng cao hiệu quả thi hành lĩnh vực pháp luật này ở Việt Nam thông qua việc nghiên cứu những vấn đề lý luận và thực tiễn của pháp luật về cho thuê đất. 
650 |a Quyền sử dụng đất,Land reform 
650 |x Luật và pháp luật,Law and legislation 
650 |z Việt Nam,Vietnam 
910 |b dqhieu 
980 |a Trung tâm Học liệu Trường Đại học Cần Thơ